000 01162nam a2200241 a 4500
008 120416s1983 ||||||||||||||||| || u
020 _a0137710143
020 _a0137710143
050 _aHC 106.7 Reg
100 _aMiller, G. William (George William), 1925-
245 1 0 _aRegrowing the American economy
_cedited by G. William Miller
246 _aThe American Assembly, Colombia University
260 _aNew York:
_bFT Prentice-Hall
_c1983
300 _aviii, 173p. : ill
350 _a0.00
500 _aAt head of title: The American Assembly, Columbia University. -Edited by: G. William Miller. -"A Spectrum book." -Background papers prepared for the 63rd meeting of the American Assembly at Arden House, Harriman, N.Y., Nov. 11-14, 1982. -Includes index.
650 0 _aUNITED STATES--ECONOMIC POLICY
650 0 _aECONOMICS
650 _aINTERNATIONAL ECONOMIC RELATIONS--CONGRESSES
650 _aUNITED STATES--ECONOMIC POLICY-- 1981-1993--CONGRESSES
710 _aAmerican Assembly
995 _D0.00
_FCBU-MAIN LIBRARY (Kitwe)
_H1
_I0.00
_M1
_UAVAILABLE
_ZMain Library Open Access Collection
999 _c55945
_d55945